Die Jesusgeschichte: synoptisch gelesen
Guardat en:
| Autor principal: | |
|---|---|
| Format: | Llibre |
| Idioma: | alemany |
| Publicat: |
Stuttgart
Verlag Katholisches Bibelwerk
1995
|
| Edició: | 1a. ed |
| Matèries: | |
| Etiquetes: |
Afegir etiqueta
Sense etiquetes, Sigues el primer a etiquetar aquest registre!
|
MARC
| LEADER | 00000cam a2200000 a 4500 | ||
|---|---|---|---|
| 001 | UCE6844 | ||
| 003 | CL-VaPUC | ||
| 008 | 150507e19950000gw |||||||||||||||||ger|d | ||
| 020 | |a 3460330619 | ||
| 082 | 0 | 4 | |a 232 |b MER |2 21 |
| 100 | |a Merklein, Helmut |e autor |9 580913 | ||
| 245 | 1 | 4 | |a Die Jesusgeschichte: synoptisch gelesen |
| 250 | |a 1a. ed | ||
| 300 | |a 246 p | ||
| 942 | |c BK | ||
| 945 | |d 20150507 00:22:00 |a arojas | ||
| 260 | |a Stuttgart |b Verlag Katholisches Bibelwerk |c 1995 | ||
| 650 | 0 | |a Cristología |9 315091 | |
| 650 | 0 | |a Vida de Jesús |9 478097 | |
| 583 | |a last modification |c 20150507 00:22:00 |k Rodrigo Vera | ||
| 999 | |c 359024 |d 359022 | ||
| 952 | |0 0 |1 0 |3 erb |4 0 |6 232_000000000000000_MER_1995 |7 0 |8 A |9 468011 |a BIBTEO |b BIBTEO |e Casale Rolle, Carlos Ignacio, -2014 |i 5172969 |o 232 MER 1995 |p 5172969 |r 2025-01-17 |w 2019-11-23 |y BK |z Catalogado en:20150507 |k ICR | ||